| 000 | 00563nam a2200181Ia 4500 | ||
|---|---|---|---|
| 008 | 140609s9999 xx 000 0 und d | ||
| 020 | _a9781848370807 | ||
| 050 |
_aNC 730 _b.P825 2008 |
||
| 100 | _aPope, Martin. | ||
| 245 |
_aDrawing caricatures : _bhow to create successful caricatures in a range of styles / _cMartin Pope |
||
| 260 |
_aEdison, NJ : _bChartwell Books, _cc2008. |
||
| 300 |
_a128 p. : _bill. ; _c28 cm. |
||
| 500 | _aIncludes glossary and index. | ||
| 521 | _aMA | ||
| 650 |
_aCaricature _xTechnique. |
||
| 942 |
_kFOR _cBK |
||
| 999 |
_c117952 _d117952 |
||